Fast Typing - Misspelled Words - Statistics

General Stats
  • This quiz has been taken 104 times
  • The average score is 9 of 15
Answer Stats
Hint Answer % Correct
Onoin Onoin
95%
Beutiful Beutiful
94%
Pidgeon Pidgeon
89%
Crevace Crevace
81%
Thougth Thougth
81%
Platoue Platoue
80%
Janitre Janitre
75%
Porrige Porrige
66%
Entiteled Entiteled
56%
Seperate Seperate
55%
Mountainiering Mountainiering
38%
Zepellin Zepellin
38%
Inneuendo Inneuendo
22%
Hippopotemas Hippopotemas
9%
Refridgorater Refridgorater
5%
No matching quizzes found
Score Distribution
Percent of People with Each Score
Percentile by Number Answered
Your Score History
You have not taken this quiz